[Event "IND-ch Women 2019"]
[Site "Karaikkudi"]
[Date "2019.07.19"]
[Round "1.10"]
[White "Vantika Agrawal"]
[Black "Panda Miracle"]
[Result "1-0"]
[WhiteElo "2243"]
[BlackElo "1605"]
[Annotator "TA"]
[PlyCount "81"]
[EventDate "2019.07.19"]
[EventType "swiss"]
[EventCountry "IND"]
[SourceTitle "playchess.com"]
[Source "ChessBase"]
[SourceQuality "1"]

{[%evp 11,80,25,54,52,51,38,76,71,96,86,95,95,95,93,95,76,90,101,109,110,142,134,131,110,136,128,143,112,125,123,132,123,177,178,171,179,267,252,261,283,401,262,428,411,393,197,208,214,660,670,635,652,643,639,1000,988,883,634,5581,2587,29994,29995,29995,29996,29996,29997,29997,29998,29998,29997,29999]} 1. d4 Nf6 2. c4 e6 3. g3 Bb4+ 4. Nd2 O-O 5. Bg2 d6 6. Ngf3 Nc6 7. O-O {E11: Bogo-Indian} Bxd2 8. Qxd2 (8. Bxd2 Qe7 9. Qc2 e5 10. Bc3 exd4 11. Nxd4 Nxd4 12. Bxd4 Re8 13. e3 Ne4 14. b4 Bf5 15. Qb2 f6 16. c5 dxc5 17. bxc5 {0-1 (40) Bok,B (2643)-Fernandez,D (2482) chess.com INT 2019}) 8... h6 9. b3 $146 {White is better.} ({Predecessor:} 9. b4 Qe7 10. b5 Nb8 11. a4 c5 12. bxc6 Nxc6 13. Ba3 Rd8 14. Rac1 Bd7 {1-0 (23) Akesson,R (2444)-Fruehauf,N (2044) San Sebastian 2014}) 9... Qe7 10. Bb2 e5 11. d5 Nb8 {[%cal Bc6b8,Bb8d7,Bd7c5][%mdl 32]} 12. Rae1 Nbd7 13. e4 Nc5 14. Nh4 a5 15. f4 Nfd7 16. Nf5 Qe8 17. Kh1 f6 18. Bc3 b6 19. Qe2 Kh7 20. Bf3 Rg8 21. Nh4 g6 (21... Qe7 $16 22. f5 Nf8) 22. f5 $18 g5 23. Bh5 Qe7 (23... Qd8 $142) 24. Ng6 Qd8 25. h4 Nf8 (25... Bb7 {was necessary.} 26. Kg2 Rg7) 26. Kg2 Kg7 $2 (26... Nxg6 27. Bxg6+ Kg7) 27. hxg5 hxg5 28. Nxf8 (28. Bd2 $142) 28... Kxf8 29. Bg6 {[#] Hoping for Rh1.} Bd7 $2 (29... Ke7 30. Rh1 Rg7) 30. Rh1 {Threatens to win with Rh7.} Be8 31. Rh7 {Strongly threatening Qh5.} Bxg6 32. fxg6 Rxg6 {and the idea ...Rg7 leaves Black hopeful.} 33. Qh5 Qe8 34. Rh1 Nxe4 35. Rh8+ (35. Rxc7 $142 Qf7 36. Rxf7+ Kxf7 37. Qh7+ Rg7 38. Qxe4) 35... Rg8 36. Rxg8+ {White mates.} Kxg8 37. Qh8+ Kf7 38. Rh7+ Kg6 39. Rg7+ Kf5 40. Qh7+ Kg4 41. Qh3# {Accuracy: White = 74%, Black = 37%.} 1-0

[Event "IND-ch Women 2019"]
[Site "Karaikkudi"]
[Date "2019.07.19"]
[Round "1.11"]
[White "Nisha, N. Patkar"]
[Black "Mahalakshmi D M"]
[Result "0-1"]
[WhiteElo "1596"]
[BlackElo "1145"]
[Annotator "NA"]
[PlyCount "88"]
[EventDate "2019.07.19"]
[EventType "swiss"]
[EventCountry "IND"]
[SourceTitle "playchess.com"]
[Source "ChessBase"]
[SourceQuality "1"]
[TimeControl "40/5400+30:1800+30"]

1. e4 {[%emt 0:00:00]} c6 {[%emt 0:00:00]} 2. d4 {[%emt 0:00:00]} d5 {[%emt 0:04:16]} 3. exd5 {[%emt 0:00:12]} cxd5 {[%emt 0:00:03]} 4. c4 {[%emt 0:00:05]} Nf6 {[%emt 0:00:34]} 5. Nc3 {[%emt 0:00:13]} Nc6 {[%emt 0:00:06]} 6. Bg5 {[%emt 0:00:05]} Be6 {[%emt 0:07:18]} 7. Be2 {[%emt 0:01:59]} h6 {[%emt 0:04:27]} 8. Bxf6 {[%emt 0:10:37]} exf6 {[%emt 0:00:03]} 9. Nf3 {[%emt 0:01:19]} Bb4 {[%emt 0:04:32]} 10. O-O {[%emt 0:08:59]} Bxc3 {[%emt 0:08:01]} 11. bxc3 {[%emt 0:02:21]} dxc4 {[%emt 0:00:56]} 12. Nd2 {[%emt 0:14:15]} O-O {[%emt 0:06:49]} 13. Nxc4 {[%emt 0:08:59]} Qd7 {[%emt 0:06:13]} 14. Ne3 {[%emt 0:05:51]} Rfd8 {[%emt 0:01:05]} 15. Bf3 {[%emt 0:01:19]} Ne7 {[%emt 0:00:48]} 16. Qd2 {[%emt 0:02:37]} Rac8 {[%emt 0:02:34]} 17. Rac1 {[%emt 0:04:56]} f5 {[%emt 0:03:47]} 18. Qb2 {[%emt 0:06:35]} f4 {[%emt 0:02:53]} 19. Nc2 {[%emt 0:01:39]} Bd5 {[%emt 0:01:35]} 20. Bxd5 {[%emt 0:05:01]} Nxd5 {[%emt 0:02:47]} 21. Ne1 {[%emt 0:01:47]} Qc6 {[%emt 0:07:02]} 22. c4 {[%emt 0:03:12]} Nb6 {[%emt 0:04:26]} 23. c5 {[%emt 0:02:32]} Na4 {[%emt 0:00:26]} 24. Qb4 {[%emt 0:00:31]} a5 {[%emt 0:03:09]} 25. Qd2 {[%emt 0:02:40]} Nxc5 {[%emt 0:05:29]} 26. Nf3 {[%emt 0:06:58]} Qa4 {[%emt 0:05:22]} 27. Qxf4 {[%emt 0:05:49]} Nd3 {[%emt 0:02:20]} 28. Rxc8 {[%emt 0:00:20]} Nxf4 {[%emt 0:00:23]} 29. Rxd8+ {[%emt 0:00:04]} Kh7 {[%emt 0:00:03]} 30. d5 {[%emt 0:02:05]} Nxg2 {[%emt 0:03:51]} 31. Kxg2 {[%emt 0:02:30]} Qg4+ {[%emt 0:00:03]} 32. Kh1 {[%emt 0:00:00]} Qxf3+ {[%emt 0:00:05]} 33. Kg1 {[%emt 0:00:00]} Qf6 {[%emt 0:01:43]} 34. Rd7 {[%emt 0:00:10]} Qf5 {[%emt 0:01:19]} 35. Rc7 {[%emt 0:01:01]} Qg5+ {[%emt 0:00:32]} 36. Kh1 {[%emt 0:00:02]} Qxd5+ {[%emt 0:00:10]} 37. f3 {[%emt 0:00:10]} b5 {[%emt 0:04:18]} 38. Rf2 {[%emt 0:00:27]} h5 {[%emt 0:01:27]} 39. Rcc2 {[%emt 0:00:28]} h4 {[%emt 0:00:48]} 40. h3 {[%emt 0:00:00]} Qf5 {[%emt 0:00:00]} 41. Kh2 {[%emt 0:01:42]} Qf4+ {[%emt 0:01:06]} 42. Kh1 {[%emt 0:00:16]} Qg3 {[%emt 0:00:19]} 43. Rh2 {[%emt 0:00:57]} Qxf3+ {[%emt 0:00:33]} 44. Kg1 {[%emt 0:00:08]} Qd1+ {[%emt 0:00:06]} 0-1

[Event "IND-ch Women 2019"]
[Site "Karaikkudi"]
[Date "2019.07.19"]
[Round "1.12"]
[White "Michelle Catherina, P."]
[Black "Renganayaki V"]
[Result "1-0"]
[WhiteElo "2226"]
[BlackElo "1583"]
[Annotator "NA"]
[PlyCount "111"]
[EventDate "2019.07.19"]
[EventType "swiss"]
[EventCountry "IND"]
[SourceTitle "playchess.com"]
[Source "ChessBase"]
[SourceQuality "1"]
[TimeControl "40/5400+30:1800+30"]

{[%evp 12,107,41,32767,54,32767,32767,32767,32767,65,32767,32767,32767,32767,32767,56,50,54,56,58,56,44,32767,51,84,86,32767,32767,32767,32767,32767,81,32767,32767,32767,45,239,32767,32767,32767,32767,252,32767,32767,244,32767,259,231,253,208,203,32767,32767,32767,237,244,243,250,286,307,327,345,485,568,568,577,29982,920,1180,32767,32767,32767,32767,32767,32767,5273,32767,1973,1960,1262,29987,29975,29989,29990,29990,29986,29987,29988,29988,32767,32767,32767,32767,32767,32767,29992,29992,29993]} 1. e4 {[%emt 0:02:21]} c5 {[%emt 0:00:00]} 2. Nf3 {[%emt 0:00:07]} g6 {[%emt 0:00:06]} 3. d4 {[%emt 0:00:21]} cxd4 {[%emt 0:00:33]} 4. Nxd4 {[%emt 0:00:07]} Bg7 {[%emt 0:00:05]} 5. c4 {[%emt 0:00:21]} Nc6 {[%emt 0:00:45]} 6. Be3 {[%emt 0:00:19]} Nf6 {[%emt 0:00:51]} 7. Nc3 {[%emt 0:00:14]} d6 {[%emt 0:02:02]} 8. Be2 {[%emt 0:00:42]} O-O {[%emt 0:00:12]} 9. O-O {[%emt 0:00:24]} Bd7 {[%emt 0:00:15]} 10. Qd2 {[%emt 0:01:24]} Nxd4 {[%emt 0:00:14]} 11. Bxd4 {[%emt 0:00:05]} Bc6 {[%emt 0:00:10]} 12. f3 {[%emt 0:00:14]} a5 {[%emt 0:00:07]} 13. b3 {[%emt 0:02:56]} Nd7 {[%emt 0:00:14]} 14. Be3 {[%emt 0:00:40]} Nc5 {[%emt 0:00:07]} 15. Rab1 {[%emt 0:03:44]} Qb6 {[%emt 0:01:33]} 16. Rfc1 {[%emt 0:00:22]} Rfd8 {[%emt 0:05:22] B38: Sicilian: Maroczy Bind with 5...Bg7 and 7...0-0} (16... Rfc8 17. Bf1 Qb4 18. Qb2 Qb6 19. Kh1 Qd8 20. Qd2 e6 21. Bg5 Qf8 22. Rd1 h6 23. Be3 Rd8 24. a3 Nd7 25. b4 axb4 26. axb4 {0-1 (41) Wang,H (2690)-Bu,X (2713) China 2017}) 17. Rc2 {[%emt 0:07:21]} Qb4 {[%emt 0:09:15]} 18. Qc1 {[%emt 0:05:14]} Qb6 {[%emt 0:07:05]} 19. a3 {[%emt 0:06:02]} Qc7 {[%emt 0:08:21]} 20. Nd5 $146 {[%emt 0:06:42]} ({Predecessor:} 20. b4 axb4 21. axb4 Na4 22. Nd5 Bxd5 23. cxd5 Qd7 24. Rc7 {1-0 (48) Amon,N (2127)-Coklin,M (2218) Slovenia 2016}) 20... Bxd5 {[%emt 0:02:21]} 21. cxd5 {[%emt 0:02:23]} Qb8 {[%emt 0:02:29]} 22. b4 {[%emt 0:04:12]} axb4 {[%emt 0:03:10]} 23. axb4 {[%emt 0:04:47]} Na4 $2 {[%emt 0:04:18]} (23... Nd7 $14) 24. Bb5 {[%emt 0:02:42]} Bf6 {[%emt 0:52:25]} 25. Rc4 {[%emt 0:04:49]} Nc3 {[%emt 0:00:00]} 26. Rxc3 {[%emt 0:00:18]} Bxc3 {[%emt 0:00:00]} 27. Qxc3 {[%emt 0:00:08]} Rc8 {[%emt 0:00:00]} 28. Qb2 {[%emt 0:03:29]} Qc7 {[%emt 0:00:00]} 29. Rc1 {[%emt 0:04:49]} Qd8 {[%emt 0:00:00]} 30. Qd4 {[%emt 0:09:08]} Rxc1+ {[%emt 0:00:00]} 31. Bxc1 {[%emt 0:00:01]} Ra2 {[%emt 0:00:00]} 32. Bc4 {[%emt 0:03:15]} Rc2 {[%emt 0:00:00]} 33. Bb2 {[%emt 0:02:37]} f6 {[%emt 0:00:00]} 34. Bb3 {[%emt 0:01:12]} Rc8 {[%emt 0:00:00]} 35. f4 {[%emt 0:00:43]} Qf8 {[%emt 0:00:00]} 36. e5 {[%emt 0:03:43]} fxe5 {[%emt 0:00:00]} 37. fxe5 {[%emt 0:00:13]} Qg7 {[%emt 0:00:00]} 38. Qd2 {[%emt 0:02:59]} dxe5 {[%emt 0:04:58]} 39. Qe3 {[%emt 0:01:58]} (39. d6+ $142 Kh8 40. d7) 39... Qf6 {[%emt 0:01:55]} 40. d6+ {[%emt 0:00:00]} e6 {[%emt 0:00:00]} 41. Bxe5 {[%emt 0:10:22]} Qf5 {[%emt 0:01:06]} 42. h3 {[%emt 0:01:35]} Rd8 {[%emt 0:01:43]} 43. Bg3 {[%emt 0:04:17]} Kf7 {[%emt 0:00:41]} 44. Kh2 {[%emt 0:00:45]} h5 {[%emt 0:00:34] [#]} 45. Qb6 $1 {[%emt 0:01:29]} Qg5 {[%emt 0:00:52]} 46. Qxb7+ {[%emt 0:02:35]} Kg8 {[%emt 0:00:06]} 47. Bxe6+ {[%emt 0:00:32]} Kh8 {[%emt 0:00:05]} 48. Qe7 {[%emt 0:00:17]} Qxe7 {[%emt 0:00:04]} 49. dxe7 {[%emt 0:00:04]} Re8 {[%emt 0:00:02]} 50. Be5+ {[%emt 0:00:11]} Kh7 {[%emt 0:00:04]} 51. Bf6 {[%emt 0:00:11]} g5 {[%emt 0:00:04]} 52. Bf7 {[%emt 0:00:06]} Rxe7 {[%emt 0:00:04]} 53. Bxe7 {[%emt 0:00:05]} Kg7 {[%emt 0:00:04]} 54. Bxh5 {[%emt 0:00:09]} g4 {[%emt 0:00:03]} 55. hxg4 {[%emt 0:00:17]} Kh6 {[%emt 0:00:05]} 56. b5 {[%emt 0:00:07]} 1-0

[Event "IND-ch Women 2019"]
[Site "Karaikkudi"]
[Date "2019.07.19"]
[Round "1.13"]
[White "Kavitha P L"]
[Black "Mohota, Nisha"]
[Result "0-1"]
[WhiteElo "1580"]
[BlackElo "2221"]
[Annotator "ChessBase"]
[PlyCount "104"]
[EventDate "2019.07.19"]
[EventType "swiss"]
[EventCountry "IND"]
[SourceTitle "playchess.com"]
[Source "ChessBase"]
[SourceQuality "1"]
[TimeControl "40/5400+30:1800+30"]

1. e4 {[%emt 0:00:00]} Nf6 {[%emt 0:00:00]} 2. Nc3 {[%emt 0:00:16]} d5 {[%emt 0:00:00]} 3. exd5 {[%emt 0:03:03]} Nxd5 {[%emt 0:00:00]} 4. Nf3 {[%emt 0:03:13]} Bg4 {[%emt 0:02:20]} 5. Bc4 {[%emt 0:01:12]} e6 {[%emt 0:01:25]} 6. Bxd5 {[%emt 0:06:17]} exd5 {[%emt 0:00:07]} 7. Qe2+ {[%emt 0:00:15]} Be7 {[%emt 0:02:07]} 8. d4 {[%emt 0:17:01]} O-O {[%emt 0:02:25]} 9. O-O {[%emt 0:04:08]} Nc6 {[%emt 0:02:23]} 10. Be3 {[%emt 0:01:35]} Bf6 {[%emt 0:04:12]} 11. h3 {[%emt 0:05:39]} Be6 {[%emt 0:07:47]} 12. Rad1 {[%emt 0:01:44]} a6 {[%emt 0:01:20]} 13. Qd2 {[%emt 0:04:00]} Re8 {[%emt 0:05:16]} 14. Ne2 {[%emt 0:02:51]} Bf5 {[%emt 0:01:39]} 15. Ng3 {[%emt 0:02:23]} Bg6 {[%emt 0:01:16]} 16. Rfe1 {[%emt 0:04:35]} h5 {[%emt 0:05:42]} 17. b3 {[%emt 0:03:15]} h4 {[%emt 0:00:45]} 18. Nf1 {[%emt 0:00:10]} Bh5 {[%emt 0:05:57]} 19. N1h2 {[%emt 0:02:01]} Re4 {[%emt 0:00:32]} 20. g4 {[%emt 0:05:08]} hxg3 {[%emt 0:01:01]} 21. fxg3 {[%emt 0:00:08]} Qd7 {[%emt 0:03:05]} 22. g4 {[%emt 0:01:48]} Bg6 {[%emt 0:00:43]} 23. g5 {[%emt 0:03:13]} Be7 {[%emt 0:01:30]} 24. Qg2 {[%emt 0:01:04]} Bh5 {[%emt 0:07:32]} 25. Bf2 {[%emt 0:11:14]} Bb4 {[%emt 0:04:19]} 26. Re3 {[%emt 0:00:36]} Rae8 {[%emt 0:00:34]} 27. Rdd3 {[%emt 0:00:43]} Bd6 {[%emt 0:02:59]} 28. Nd2 {[%emt 0:01:55]} R4e7 {[%emt 0:05:25]} 29. Rxe7 {[%emt 0:04:24]} Rxe7 {[%emt 0:00:16]} 30. Ng4 {[%emt 0:03:05]} Bxg4 {[%emt 0:03:49]} 31. hxg4 {[%emt 0:00:06]} Bf4 {[%emt 0:00:42]} 32. Nf3 {[%emt 0:02:56]} Nb4 {[%emt 0:04:02]} 33. Rd1 {[%emt 0:01:59]} Nxc2 {[%emt 0:00:33]} 34. Rd3 {[%emt 0:05:03]} Re4 {[%emt 0:02:18]} 35. Qh3 {[%emt 0:00:00]} Nb4 {[%emt 0:04:09]} 36. Rd1 {[%emt 0:00:00]} Bd6 {[%emt 0:00:30]} 37. Ne5 {[%emt 0:00:00]} Bxe5 {[%emt 0:00:49]} 38. dxe5 {[%emt 0:00:00]} Qxg4+ {[%emt 0:01:22]} 39. Qxg4 {[%emt 0:00:00]} Rxg4+ {[%emt 0:00:03]} 40. Kh2 {[%emt 0:00:00]} Rxg5 {[%emt 0:00:00]} 41. a3 {[%emt 0:00:00]} Nc6 {[%emt 0:01:07]} 42. Rxd5 {[%emt 0:00:09]} Rxe5 {[%emt 0:00:16]} 43. Rd7 {[%emt 0:00:10]} Re7 {[%emt 0:00:16]} 44. Rd3 {[%emt 0:00:15]} g5 {[%emt 0:03:05]} 45. Bc5 {[%emt 0:00:14]} Re2+ {[%emt 0:00:53]} 46. Kg3 {[%emt 0:00:07]} f5 {[%emt 0:01:35]} 47. Rd5 {[%emt 0:00:17]} Ne5 {[%emt 0:03:21]} 48. Rd8+ {[%emt 0:01:21]} Kh7 {[%emt 0:00:34]} 49. Bd4 {[%emt 0:00:43]} f4+ {[%emt 0:00:40]} 50. Kh3 {[%emt 0:00:05]} g4+ {[%emt 0:00:10]} 51. Kh4 {[%emt 0:00:03]} Rh2+ {[%emt 0:00:09]} 52. Kg5 {[%emt 0:00:08]} Nf7+ {[%emt 0:00:09]} 0-1

[Event "IND-ch Women 2019"]
[Site "Karaikkudi"]
[Date "2019.07.19"]
[Round "1.14"]
[White "Priyanka, Kumari"]
[Black "Rindhiya V"]
[Result "1-0"]
[WhiteElo "1991"]
[BlackElo "1573"]
[Annotator "NA RC"]
[PlyCount "75"]
[EventDate "2019.07.19"]
[EventType "swiss"]
[EventCountry "IND"]
[SourceTitle "playchess.com"]
[Source "ChessBase"]
[SourceQuality "1"]
[TimeControl "40/5400+30:1800+30"]

1. e4 {[%emt 0:00:05]} e5 {[%emt 0:00:00]} 2. Nf3 {[%emt 0:00:17]} Nc6 {[%emt 0:00:00]} 3. Bb5 {[%emt 0:00:10]} a6 {[%emt 0:00:00]} 4. Ba4 {[%emt 0:00:05]} Nf6 {[%emt 0:00:00]} 5. d3 {[%emt 0:01:26]} b5 {[%emt 0:04:56]} 6. Bb3 {[%emt 0:01:51]} Be7 {[%emt 0:03:39]} 7. Nc3 {[%emt 0:01:03]} d6 {[%emt 0:00:26]} 8. a3 {[%emt 0:03:07] C77: Ruy Lopez: 3...a6 4 Ba4 Nf6, unusual lines} O-O {[%emt 0:00:24]} 9. Nd5 {[%emt 0:00:31]} h6 $146 {[%emt 0:04:07]} ({Predecessor:} 9... Na5 10. Ba2 Nxd5 11. Bxd5 c6 12. Ba2 Bf6 13. O-O Re8 14. b4 Nb7 15. c4 Be6 {½-½ (23) Rapport,R (2692)-Aronian,L (2785) Sharjah 2017}) 10. Nxf6+ {[%emt 0:04:26]} Bxf6 {[%emt 0:00:05]} 11. Bd5 {[%emt 0:00:15]} Bb7 {[%emt 0:00:32]} 12. g4 {[%emt 0:05:12]} Bh4 {[%emt 0:15:58]} 13. Rg1 {[%emt 0:04:21]} Qf6 {[%emt 0:13:50]} 14. g5 {[%emt 0:06:09]} hxg5 {[%emt 0:03:48]} 15. Nxh4 {[%emt 0:14:45]} gxh4 {[%emt 0:00:02]} 16. Bg5 {[%emt 0:04:38]} Qg6 {[%emt 0:00:08]} 17. Kf1 {[%emt 0:03:21]} Qh7 {[%emt 0:04:38]} 18. Bf6 {[%emt 0:01:25]} g6 {[%emt 0:00:04]} 19. Rg4 {[%emt 0:01:02]} Nd8 {[%emt 0:03:45]} 20. Rxh4 {[%emt 0:07:07]} Qxh4 {[%emt 0:00:02]} 21. Bxh4 {[%emt 0:00:08]} Bxd5 {[%emt 0:00:41]} 22. Bf6 {[%emt 0:03:15]} Ne6 {[%emt 0:01:38]} 23. Qg4 {[%emt 0:01:35]} Ng7 {[%emt 0:00:04]} 24. exd5 {[%emt 0:00:37]} Nh5 {[%emt 0:00:12]} 25. Qg5 {[%emt 0:00:23]} Kh7 {[%emt 0:00:06]} 26. Re1 {[%emt 0:00:20]} Rg8 {[%emt 0:00:25]} 27. Re3 {[%emt 0:00:17]} Nxf6 {[%emt 0:00:03]} 28. Qxf6 {[%emt 0:00:09]} Rg7 {[%emt 0:00:03]} 29. Rh3+ {[%emt 0:00:26]} Kg8 {[%emt 0:00:01]} 30. Qh4 {[%emt 0:00:08]} Kf8 {[%emt 0:00:07]} 31. Qf6 {[%emt 0:00:51]} Re8 {[%emt 0:00:06]} 32. Ke2 {[%emt 0:01:57]} Rg8 {[%emt 0:00:12]} 33. Rh7 {[%emt 0:00:34]} Re7 {[%emt 0:00:01]} 34. Rh8 {[%emt 0:00:37]} Re8 {[%emt 0:00:09]} 35. Rxg8+ {[%emt 0:00:22]} Kxg8 {[%emt 0:00:02]} 36. Kf3 {[%emt 0:00:56]} Rc8 {[%emt 0:00:06]} 37. Qe7 $18 {[%emt 0:00:32]} Kg7 {[%emt 0:00:06]} 38. Qd7 {[%emt 0:00:09]} 1-0

[Event "IND-ch Women 2019"]
[Site "Karaikkudi"]
[Date "2019.07.19"]
[Round "1.15"]
[White "Bindu, Saritha K."]
[Black "Swati Ghate"]
[Result "1-0"]
[WhiteElo "1538"]
[BlackElo "2192"]
[Annotator "ChessBase"]
[PlyCount "81"]
[EventDate "2019.07.19"]
[EventType "swiss"]
[EventCountry "IND"]
[SourceTitle "playchess.com"]
[Source "ChessBase"]
[SourceQuality "1"]
[TimeControl "40/5400+30:1800+30"]

1. d4 {[%emt 1:30:30]} Nf6 {[%emt 1:30:30]} 2. Bf4 {[%emt 0:00:30]} d5 {[%emt 0:00:30]} 3. e3 {[%emt 0:00:30]} c5 {[%emt 0:00:30]} 4. c3 {[%emt 0:00:30]} Nc6 {[%emt 0:00:30]} 5. Bd3 {[%emt 0:00:30]} e6 {[%emt 0:00:30]} 6. Nd2 {[%emt 0:00:30]} Be7 {[%emt 0:00:30]} 7. h3 {[%emt 0:00:30]} O-O {[%emt 0:00:30]} 8. Ngf3 {[%emt 0:00:30]} Nh5 {[%emt 0:00:30]} 9. Bh2 {[%emt 0:00:30]} g6 {[%emt 0:00:30]} 10. O-O {[%emt 0:00:00]} Bd6 {[%emt 0:00:00]} 11. Ne5 {[%emt 0:00:00]} Qc7 {[%emt 0:00:00]} 12. f4 {[%emt 0:00:00]} f6 {[%emt 0:00:00]} 13. Nxc6 {[%emt 0:00:00]} bxc6 {[%emt 0:00:00]} 14. g4 {[%emt 0:00:00]} Ng7 {[%emt 0:00:00]} 15. Qe2 {[%emt 0:00:00]} c4 {[%emt 0:00:00]} 16. Bc2 {[%emt 0:00:00]} c5 {[%emt 0:00:00]} 17. Nf3 {[%emt 0:00:00]} Rb8 {[%emt 0:00:00]} 18. b3 {[%emt 0:00:00]} Ba6 {[%emt 0:00:00]} 19. dxc5 {[%emt 0:00:00]} Qxc5 {[%emt 0:00:00]} 20. b4 {[%emt 0:00:00]} Qc7 {[%emt 0:00:00]} 21. Qd2 {[%emt 0:00:00]} Bb7 {[%emt 0:00:00]} 22. Rae1 {[%emt 0:00:00]} Rbd8 {[%emt 0:00:00]} 23. Qd4 {[%emt 0:00:00]} e5 {[%emt 0:00:00]} 24. Qd2 {[%emt 0:00:00]} Rde8 {[%emt 0:00:00]} 25. fxe5 {[%emt 0:00:00]} fxe5 {[%emt 0:00:00]} 26. a3 {[%emt 0:00:00]} d4 {[%emt 0:00:00]} 27. e4 {[%emt 0:00:00]} d3 {[%emt 0:00:00]} 28. Ba4 {[%emt 0:00:00]} Re6 {[%emt 0:00:00]} 29. Qe3 {[%emt 0:00:00]} Qb8 {[%emt 0:01:18]} 30. Bb5 {[%emt 0:00:18]} Bc7 {[%emt 0:01:27]} 31. Kg2 {[%emt 0:01:25]} Ba6 {[%emt 0:01:32]} 32. Bxa6 {[%emt 0:02:07]} Rxa6 {[%emt 0:00:03]} 33. Qc5 {[%emt 0:00:21]} Qb6 {[%emt 0:03:18]} 34. Qxc4+ {[%emt 0:00:26]} Qe6 {[%emt 0:00:06]} 35. Qxc7 {[%emt 0:02:17]} Rxa3 {[%emt 0:00:11]} 36. Qxe5 {[%emt 0:01:58]} Ra2+ {[%emt 0:00:29]} 37. Rf2 {[%emt 0:01:25]} Qf7 {[%emt 0:01:30]} 38. Qd5 {[%emt 0:00:55]} Rxf2+ {[%emt 0:00:46]} 39. Kxf2 {[%emt 0:00:12]} Ne6 {[%emt 0:00:03]} 40. Qxd3 {[%emt 0:00:00]} Ng5 {[%emt 0:00:00]} 41. Re3 {[%emt 0:03:07]} 1-0

[Event "IND-ch Women 2019"]
[Site "Karaikkudi"]
[Date "2019.07.19"]
[Round "1.16"]
[White "Sharma Isha"]
[Black "Arunika Ghosh"]
[Result "1-0"]
[WhiteElo "2188"]
[BlackElo "1531"]
[Annotator "NA"]
[PlyCount "131"]
[EventDate "2019.07.19"]
[EventType "swiss"]
[EventCountry "IND"]
[SourceTitle "playchess.com"]
[Source "ChessBase"]
[SourceQuality "1"]
[TimeControl "40/5400+30:1800+30"]

1. e4 {[%emt 0:00:00]} c5 {[%emt 0:00:00]} 2. Nf3 {[%emt 0:00:00]} e6 {[%emt 0:00:25]} 3. g3 {[%emt 0:00:00]} a6 {[%emt 0:01:00]} (3... d5 4. exd5 exd5 5. d4 Nf6 6. Bg2 Be7 7. O-O O-O 8. dxc5 Bxc5 9. Nc3 Nc6 10. a3 Re8 11. b4 Bb6 12. Bg5 d4 13. Bxf6 Qxf6 14. Nd5 Qd8 15. Nd2 Be6 16. Nf4 Bf5 17. Nd3 Qc7 {1-0 (33) Zvjaginsev,V (2642)-Rublevsky,S (2652) Tula 2019}) 4. Bg2 {[%emt 0:01:24]} b5 {[%emt 0:01:08]} 5. O-O {[%emt 0:00:10]} Bb7 {[%emt 0:00:27]} 6. d3 {[%emt 0:00:38] B40: Sicilian: 2...e6, Unusual lines} d6 {[%emt 0:00:42]} 7. Re1 {[%emt 0:00:09]} Nd7 {[%emt 0:02:54]} 8. Nbd2 {[%emt 0:00:30]} Ngf6 {[%emt 0:02:04]} 9. Nf1 {[%emt 0:00:27]} Be7 {[%emt 0:01:28]} 10. h3 $146 {[%emt 0:00:48]} ({Predecessor:} 10. Nh4 O-O 11. e5 {0-1 (31) Dors,R (2167)-Brzezinski,M (2144) Jastrzebia Gora 2016}) 10... Qc7 {[%emt 0:01:11]} 11. g4 {[%emt 0:01:07]} Nb6 {[%emt 0:03:22]} 12. Ng3 {[%emt 0:00:36]} c4 {[%emt 0:06:28]} 13. d4 {[%emt 0:00:36]} d5 {[%emt 0:01:36]} 14. e5 {[%emt 0:00:26]} Nfd7 {[%emt 0:00:22]} 15. c3 {[%emt 0:01:01]} Nb8 {[%emt 0:02:14]} 16. h4 {[%emt 0:00:44]} Nc6 {[%emt 0:00:49]} 17. Nh5 {[%emt 0:02:28]} O-O-O {[%emt 0:02:35]} 18. g5 {[%emt 0:03:54]} Rdg8 {[%emt 0:02:24]} 19. Bh3 {[%emt 0:01:30]} Kb8 {[%emt 0:02:37]} 20. Nf4 {[%emt 0:03:04]} g6 {[%emt 0:02:42]} 21. Ng2 {[%emt 0:04:47]} Bf8 {[%emt 0:02:59]} 22. Nh2 {[%emt 0:02:10]} h5 {[%emt 0:05:37]} 23. gxh6 {[%emt 0:05:32]} Bxh6 {[%emt 0:00:36]} 24. Bxh6 {[%emt 0:00:33]} Rxh6 {[%emt 0:00:25]} 25. Ng4 {[%emt 1:09:56]} Rhh8 {[%emt 0:00:44]} 26. Nf6 {[%emt 0:00:00]} Rf8 {[%emt 0:00:50]} 27. Qg4 {[%emt 0:00:00]} Ne7 {[%emt 0:02:15]} 28. Qg5 {[%emt 0:00:00]} Nd7 {[%emt 0:03:21]} 29. f3 {[%emt 0:00:00]} Nxf6 {[%emt 0:02:37]} 30. Qxf6 {[%emt 0:00:00]} Nc8 {[%emt 0:02:34]} 31. Kf2 {[%emt 0:00:00]} Qd8 {[%emt 0:02:44]} 32. Qxd8 {[%emt 0:00:00]} Rxd8 {[%emt 0:00:17]} 33. Kg3 {[%emt 0:00:00]} Rdg8 {[%emt 0:02:35]} 34. f4 {[%emt 0:00:00]} Nb6 {[%emt 0:00:34]} 35. Ne3 {[%emt 0:00:00]} Rh7 {[%emt 0:00:56]} 36. Bg2 {[%emt 0:00:00]} Na4 {[%emt 0:00:57]} 37. Re2 {[%emt 0:00:00]} Rc8 {[%emt 0:01:52]} 38. Ng4 {[%emt 0:00:00]} a5 {[%emt 0:04:10]} 39. a3 {[%emt 0:00:00]} Nb6 {[%emt 0:01:54]} 40. Bf3 {[%emt 0:00:00]} Kc7 {[%emt 0:00:00]} 41. Nf6 {[%emt 0:00:00]} Rhh8 {[%emt 0:02:45]} 42. Rh2 {[%emt 0:00:00]} Kd8 {[%emt 0:02:26]} 43. h5 {[%emt 0:00:00]} gxh5 {[%emt 0:01:07]} 44. Rxh5 {[%emt 0:00:00]} (44. Rah1 $142) 44... Rxh5 {[%emt 0:01:27]} 45. Bxh5 {[%emt 0:00:00]} Ke7 {[%emt 0:00:16]} 46. Kf3 {[%emt 0:00:00]} Rh8 {[%emt 0:02:28]} 47. Rg1 {[%emt 0:00:00]} Kf8 $1 {[%emt 0:02:01]} 48. Ke3 {[%emt 0:00:00]} Bc6 {[%emt 0:00:58]} 49. Bf3 {[%emt 0:00:00]} a4 {[%emt 0:01:14]} 50. f5 {[%emt 0:00:00]} Nc8 {[%emt 0:03:38]} 51. Bg4 {[%emt 0:00:00]} Ke7 {[%emt 0:06:41]} 52. Rg3 {[%emt 0:00:00]} Rh2 {[%emt 0:08:47]} (52... exf5 $16 53. Bxf5 Nb6) 53. fxe6 {[%emt 0:00:00]} fxe6 {[%emt 0:01:10] [#]} 54. Be2 {[%emt 0:00:00]} (54. Ng8+ $1 $16 Kd8 55. Bxe6) 54... Rh8 {[%emt 0:11:19]} 55. Rg7+ {[%emt 0:00:00]} Kf8 {[%emt 0:00:26]} 56. Rc7 {[%emt 0:00:00]} Ne7 {[%emt 0:00:18]} 57. Bh5 {[%emt 0:00:00]} Rxh5 {[%emt 0:07:46]} 58. Nxh5 {[%emt 0:00:00]} Kf7 {[%emt 0:00:06]} 59. Kf4 {[%emt 0:00:00]} Kf8 $18 {[%emt 0:01:43]} 60. Kg5 {[%emt 0:00:00]} Kf7 {[%emt 0:00:36]} 61. Nf4 {[%emt 0:00:00]} Be8 {[%emt 0:00:28]} 62. Ng6 {[%emt 0:00:00]} Kg8 {[%emt 0:00:30]} 63. Rxe7 {[%emt 0:00:00]} Bxg6 {[%emt 0:00:11]} 64. Kxg6 {[%emt 0:00:00]} Kf8 {[%emt 0:00:08]} 65. Rxe6 {[%emt 0:00:00]} Kg8 {[%emt 0:00:09]} 66. Re8# {[%emt 0:00:00]} 1-0